<?xml version="1.0" encoding="UTF-8"?>
<record
    xmlns:xsi="http://www.w3.org/2001/XMLSchema-instance"
    xsi:schemaLocation="http://www.loc.gov/MARC21/slim http://www.loc.gov/standards/marcxml/schema/MARC21slim.xsd"
    xmlns="http://www.loc.gov/MARC21/slim">

  <leader>00808nam a2200253 i 4500</leader>
  <controlfield tag="001">C2-0314006</controlfield>
  <controlfield tag="003">PPAK</controlfield>
  <controlfield tag="005">20180728105706.0</controlfield>
  <controlfield tag="008">111205s2005    my a|||| |||||  |   zxx d</controlfield>
  <datafield tag="022" ind1=" " ind2=" ">
    <subfield code="a">1394-4525</subfield>
  </datafield>
  <datafield tag="040" ind1=" " ind2=" ">
    <subfield code="a">PPAK</subfield>
    <subfield code="b">eng</subfield>
    <subfield code="c">PPAK</subfield>
    <subfield code="e">rda</subfield>
  </datafield>
  <datafield tag="082" ind1="0" ind2="4">
    <subfield code="a">634.9</subfield>
    <subfield code="2">23</subfield>
  </datafield>
  <datafield tag="090" ind1="0" ind2="0">
    <subfield code="a">634.9</subfield>
    <subfield code="b">MAL</subfield>
    <subfield code="d">R</subfield>
  </datafield>
  <datafield tag="110" ind1="2" ind2=" ">
    <subfield code="a">Malaysia, Jabatan Perangkaan</subfield>
  </datafield>
  <datafield tag="245" ind1="0" ind2="0">
    <subfield code="a">Perangkaan perhutanan semenanjung Malaysia 2005 </subfield>
    <subfield code="b">forestry statistics peninsular Malaysia 2005</subfield>
  </datafield>
  <datafield tag="264" ind1=" " ind2="1">
    <subfield code="a">Kuala Lumpur : </subfield>
    <subfield code="b">Jabatan Perangkaan Malaysia , </subfield>
    <subfield code="c">2005</subfield>
  </datafield>
  <datafield tag="300" ind1=" " ind2=" ">
    <subfield code="a">xiv, 159 pages : </subfield>
    <subfield code="b">colour illustrations ; </subfield>
    <subfield code="c">18 cm</subfield>
  </datafield>
  <datafield tag="336" ind1=" " ind2=" ">
    <subfield code="2">rdacontent</subfield>
    <subfield code="a">text</subfield>
  </datafield>
  <datafield tag="337" ind1=" " ind2=" ">
    <subfield code="2">rdamedia</subfield>
    <subfield code="a">unmediated</subfield>
  </datafield>
  <datafield tag="338" ind1=" " ind2=" ">
    <subfield code="2">rdacarrier</subfield>
    <subfield code="a">volume</subfield>
  </datafield>
  <datafield tag="650" ind1="1" ind2="0">
    <subfield code="a">Forestry surveys.</subfield>
  </datafield>
  <datafield tag="710" ind1="2" ind2=" ">
    <subfield code="a">Malaysia, Jabatan Perangkaan </subfield>
    <subfield code="e">organizer</subfield>
  </datafield>
  <datafield tag="942" ind1=" " ind2=" ">
    <subfield code="d">dc</subfield>
    <subfield code="c">B</subfield>
  </datafield>
  <datafield tag="999" ind1=" " ind2=" ">
    <subfield code="c">115563</subfield>
    <subfield code="d">115563</subfield>
  </datafield>
  <datafield tag="952" ind1=" " ind2=" ">
    <subfield code="0">0</subfield>
    <subfield code="7">1</subfield>
    <subfield code="b">PPAK</subfield>
    <subfield code="c">R</subfield>
    <subfield code="d">2011-12-05</subfield>
    <subfield code="o">R 634.9 MAL</subfield>
    <subfield code="p">A00819491</subfield>
    <subfield code="r">2018-05-09 00:00:00</subfield>
    <subfield code="y">B</subfield>
  </datafield>
  <datafield tag="952" ind1=" " ind2=" ">
    <subfield code="0">0</subfield>
    <subfield code="7">1</subfield>
    <subfield code="b">SP</subfield>
    <subfield code="c">R</subfield>
    <subfield code="d">2011-12-05</subfield>
    <subfield code="o">R 634.9 MAL</subfield>
    <subfield code="p">A00819492</subfield>
    <subfield code="r">2018-05-09 00:00:00</subfield>
    <subfield code="y">B</subfield>
  </datafield>
</record>
